000
00296nam a22001217a 4500
020
_a
81-7029-058-9
082
_a
004 SAW'O
100
_a
SUMMERS, TAN A ,SAWUSCH, MARK R ,
_9
61506
245
_a
1001 THINGS TO DO WITH YOUR IBM PC
260
_a
DELHI
_b
BPB
_c
1985
300
_a
245P
942
_c
BK
999
_c
570938
_d
570938